<?xml version="1.0" encoding="UTF-8"?>
<marc:record xmlns:marc="http://www.loc.gov/MARC21/slim">
   <marc:leader>00000nam a2200000 a 4500</marc:leader>
   <marc:datafield ind1="1" ind2=" " tag="100">
      <marc:subfield code="a">Führlinger, Regina</marc:subfield>
      <marc:subfield code="4">aut</marc:subfield>
      <marc:subfield code="e">Verfasser/-in</marc:subfield>
   </marc:datafield>
   <marc:datafield ind1=" " ind2=" " tag="653">
      <marc:subfield code="a">Softcover / Belletristik/Lyrik</marc:subfield>
   </marc:datafield>
   <marc:datafield ind1=" " ind2=" " tag="653">
      <marc:subfield code="a">Lyrik</marc:subfield>
   </marc:datafield>
   <marc:datafield ind1="0" ind2="0" tag="245">
      <marc:subfield code="a">Schmunzlgschichten z'Weihnochtn</marc:subfield>
   </marc:datafield>
   <marc:datafield ind1="0" ind2="0" tag="245">
      <marc:subfield code="c">Regina Führlinger</marc:subfield>
   </marc:datafield>
   <marc:datafield ind1=" " ind2="1" tag="264">
      <marc:subfield code="a">Linz</marc:subfield>
      <marc:subfield code="b">Trauner</marc:subfield>
      <marc:subfield code="c">2014</marc:subfield>
   </marc:datafield>
   <marc:datafield ind1=" " ind2=" " tag="250">
      <marc:subfield code="a">1. Aufl.</marc:subfield>
   </marc:datafield>
   <marc:datafield ind1="1" ind2=" " tag="520">
      <marc:subfield code="a">Angaben aus der Verlagsmeldung

Schmunzlgschichten z´Weihnochtn / von Regina Führlinger

Geschichten, die sich mit dem Alltag in der Weihnachtszeit auf humorvolle Weise auseinandersetzen.

Amüsant und lustig zum Lesen oder Vorlesen und zum Verschenken.

Eine Adventkalendergeschichte zum Nachmachen, ein Aupair-Krapfen, welcher hoffentlich noch viele Jahre in Freiheit schwimmt, Fische als Geschenk zum Füße pflegen, eine Oma, die dem Enkel die Löcher in der Designerhose stopft, Räuchern im Advent, digitalisierte Weihnachtskekse und digitalisierter Gänsebraten, der Keksteller, Weihnachtsmenüs von der Uroma und vieles mehr unterhalten die Leserinnen und Leser mit einem buten Mix in oberösterreichischer Mundart.
</marc:subfield>
   </marc:datafield>
   <marc:datafield ind1=" " ind2=" " tag="020">
      <marc:subfield code="a">9783990333730</marc:subfield>
      <marc:subfield code="9">9783990333730</marc:subfield>
   </marc:datafield>
   <marc:datafield ind1=" " ind2=" " tag="041">
      <marc:subfield code="a">ger</marc:subfield>
   </marc:datafield>
   <marc:datafield ind1=" " ind2=" " tag="300">
      <marc:subfield code="a">92 S.</marc:subfield>
   </marc:datafield>
</marc:record>
